[Event "Regionalliga NW 9899"]
[Site "Bayern"]
[Date "1999.??.??"]
[Round "5.4"]
[White "Sappok, Johann"]
[Black "Mock, Stefan"]
[Result "1-0"]
[WhiteElo "1985"]
[BlackElo "2015"]
[PlyCount "57"]
[EventDate "1998.??.??"]
[EventType "team-tourn"]
[EventRounds "9"]
[EventCountry "GER"]
[SourceTitle "EXT 2020"]
[Source "ChessBase"]
[SourceDate "2019.10.17"]
[SourceVersion "1"]
[SourceVersionDate "2019.10.17"]
[SourceQuality "1"]
[WhiteTeam "Bamberg SC III"]
[BlackTeam "Bad Neustadt"]
[WhiteTeamCountry "GER"]
[BlackTeamCountry "GER"]

1. e4 c5 2. Nc3 Nc6 3. g3 g6 4. Bg2 Bg7 5. d3 d6 6. f4 Nf6 7. Nh3 Bg4 8. Qd2 Nd4 9. 0-0 h5 10. f5 gxf5 11. exf5 Qd7 12. Nf4 Bxf5 13. Ncd5 Nxd5 14. Nxd5 Be6 15. c3 Nc6 16. Qg5 Rg8 17. Qxh5 0-0-0 18. Bg5 Rh8 19. Qe2 f6 20. Bh4 Bg4 21. Qe4 Rdg8 22. Rae1 Bf8 23. Bxf6 Rh6 24. Bxe7 Bg7 25. Bf6 Bh8 26. Bxh8 Re6 27. Qf4 Rxe1 28. Rxe1 Rxh8 29. Nf6 1-0

[Event "Regionalliga NW 9798"]
[Site "Bayern"]
[Date "1998.??.??"]
[Round "?.5"]
[White "Mock, Stefan"]
[Black "Schilling, Berthold"]
[Result "1/2-1/2"]
[WhiteElo "2025"]
[BlackElo "1985"]
[PlyCount "58"]
[EventDate "1997.10.??"]
[EventType "team-tourn"]
[EventRounds "9"]
[EventCountry "GER"]
[SourceTitle "EXT 2020"]
[Source "ChessBase"]
[SourceDate "2019.10.17"]
[SourceVersion "1"]
[SourceVersionDate "2019.10.17"]
[SourceQuality "1"]
[WhiteTeam "Bad Neustadt"]
[BlackTeam "Neustadt SV"]
[WhiteTeamCountry "GER"]
[BlackTeamCountry "GER"]

1. d4 Nf6 2. c4 e5 3. dxe5 Ng4 4. Bf4 Nc6 5. Nf3 Bb4+ 6. Nbd2 Qe7 7. a3 Bxd2+ 8. Qxd2 Ngxe5 9. Qc3 d6 10. c5 0-0 11. cxd6 cxd6 12. Nd4 Nxd4 13. Qxd4 Rd8 14. e3 Nc6 15. Qc3 d5 16. 0-0-0 Bf5 17. Bd3 d4 18. Qc2 Bxd3 19. Qxd3 Rac8 20. Kb1 g5 21. Bg3 dxe3 22. Qxe3 Qxe3 23. fxe3 Rxd1+ 24. Rxd1 Rd8 25. Kc2 Rxd1 26. Kxd1 Kg7 27. Kd2 Kf6 28. Kd3 Ke6 29. Kc4 Ne5+ 1/2-1/2

[Event "Regionalliga NW 9697"]
[Site "Bayern"]
[Date "1997.??.??"]
[Round "?"]
[White "Bebersdorf, Claus"]
[Black "Mock, Stefan"]
[Result "1/2-1/2"]
[WhiteElo "2020"]
[BlackElo "1990"]
[PlyCount "46"]
[EventDate "1996.10.??"]
[EventType "team-tourn"]
[EventRounds "9"]
[EventCountry "GER"]
[SourceTitle "EXT 1999"]
[Source "ChessBase"]
[SourceDate "1998.11.16"]
[SourceVersion "1"]
[SourceVersionDate "1998.11.16"]
[SourceQuality "1"]
[WhiteTeam "Schweinfurt Fr"]
[BlackTeam "Bad Neustadt"]
[WhiteTeamCountry "GER"]
[BlackTeamCountry "GER"]

1. e4 c5 2. c3 d5 3. exd5 Qxd5 4. d4 Nc6 5. Nf3 Bg4 6. Be2 cxd4 7. cxd4 e6 8. Nc3 Qa5 9. 0-0 Nf6 10. Qb3 Qb4 11. Qxb4 Bxb4 12. a3 Be7 13. Be3 Rc8 14. Rac1 0-0 15. Ne5 Bxe2 16. Nxe2 Nb8 17. d5 exd5 18. Bxa7 Nc6 19. Nxc6 Rxc6 20. Nd4 Ra6 21. Bc5 Bxc5 22. Rxc5 Ra4 23. Nf3 Rd8 1/2-1/2

[Event "Regionalliga NW 9697"]
[Site "Bayern"]
[Date "1997.??.??"]
[Round "?"]
[White "Mock, Stefan"]
[Black "Schleupner, Kurt"]
[Result "0-1"]
[WhiteElo "1990"]
[BlackElo "1980"]
[PlyCount "54"]
[EventDate "1996.10.??"]
[EventType "team-tourn"]
[EventRounds "9"]
[EventCountry "GER"]
[SourceTitle "EXT 1999"]
[Source "ChessBase"]
[SourceDate "1998.11.16"]
[SourceVersion "1"]
[SourceVersionDate "1998.11.16"]
[SourceQuality "1"]
[WhiteTeam "Bad Neustadt"]
[BlackTeam "Hof SK II"]
[WhiteTeamCountry "GER"]
[BlackTeamCountry "GER"]

1. d4 Nf6 2. c4 c5 3. d5 e6 4. Nc3 exd5 5. cxd5 d6 6. e4 g6 7. f4 Bg7 8. Bb5+ Nfd7 9. Bd3 0-0 10. Nf3 Na6 11. 0-0 Nc7 12. Qc2 a6 13. a4 Rb8 14. a5 b5 15. axb6 Rxb6 16. Bd2 Rb8 17. Ra2 Nb5 18. Ne2 Bb7 19. Ba5 Qe7 20. b4 Rfc8 21. Qb1 c4 22. Bc2 Nf6 23. Re1 Re8 24. Ng5 h6 25. Nxf7 Qxf7 26. Ba4 Nxe4 27. Bxb5 axb5 0-1

[Event "Regionalliga NW 9798"]
[Site "Bayern"]
[Date "1997.??.??"]
[Round "?.6"]
[White "Mock, Stefan"]
[Black "Zimlich, Juergen"]
[Result "1/2-1/2"]
[WhiteElo "2025"]
[BlackElo "1850"]
[PlyCount "77"]
[EventDate "1997.10.??"]
[EventType "team-tourn"]
[EventRounds "9"]
[EventCountry "GER"]
[SourceTitle "EXT 2020"]
[Source "ChessBase"]
[SourceDate "2019.10.17"]
[SourceVersion "1"]
[SourceVersionDate "2019.10.17"]
[SourceQuality "1"]
[WhiteTeam "Bad Neustadt"]
[BlackTeam "Sailauf"]
[WhiteTeamCountry "GER"]
[BlackTeamCountry "GER"]

1. d4 Nf6 2. c4 e5 3. dxe5 Ng4 4. Bf4 Nc6 5. Nf3 Bb4+ 6. Nbd2 Qe7 7. a3 Bxd2+ 8. Qxd2 Ngxe5 9. Nxe5 Nxe5 10. e3 d6 11. Be2 Bd7 12. 0-0 a5 13. Rac1 b6 14. b4 axb4 15. axb4 Be6 16. c5 Ra2 17. Rc2 Rxc2 18. Qxc2 bxc5 19. bxc5 0-0 20. Rc1 Ng6 21. cxd6 cxd6 22. Bg3 Rc8 23. Qd2 Rxc1+ 24. Qxc1 d5 25. Qb2 Qd7 26. Bf3 h6 27. h4 Bg4 28. Qb8+ Kh7 29. h5 Ne7 30. Qf4 Bxf3 31. Qxf3 Qf5 32. Qxf5+ Nxf5 33. Be5 g6 34. hxg6+ fxg6 35. Kf1 Kg8 36. g4 Ne7 37. Ke2 Kf7 38. Kd3 Ke6 39. Bf4 1/2-1/2

[Event "Unterfranken-ch M1 45th"]
[Site "Oberweissenbrunn"]
[Date "1994.??.??"]
[Round "6"]
[White "Mock, Stefan"]
[Black "Hofstetter, Hans Joachim"]
[Result "0-1"]
[WhiteElo "1987"]
[BlackElo "2044"]
[PlyCount "56"]
[EventDate "1994.04.04"]
[EventType "swiss"]
[EventRounds "9"]
[EventCountry "GER"]
[SourceTitle "EXT 2015"]
[Source "ChessBase"]
[SourceDate "2014.11.20"]
[SourceVersion "1"]
[SourceVersionDate "2014.11.20"]
[SourceQuality "1"]

1. e4 e5 2. Nf3 Nc6 3. Bb5 a6 4. Ba4 Nf6 5. 0-0 Be7 6. d4 exd4 7. e5 Ne4 8. Nxd4 0-0 9. Nf5 d5 10. Nxe7+ Nxe7 11. b4 c6 12. c3 Nf5 13. Bc2 Qh4 14. Qe1 Re8 15. c4 Nd4 16. Bd3 Re6 17. Qe3 Rh6 18. h3 Rg6 19. g3 Bxh3 20. Re1 Nf5 21. Bxe4 Nxe3 22. Bxg6 Qg4 23. Bxf7+ Kxf7 24. e6+ Ke8 25. Nd2 Nxc4 26. Nxc4 dxc4 27. Re3 Qd1+ 28. Kh2 Qf1 0-1

[Event "Unterfranken-ch M1 45th"]
[Site "Oberweissenbrunn"]
[Date "1994.??.??"]
[Round "9"]
[White "Mock, Stefan"]
[Black "Kuhn, Norbert"]
[Result "1-0"]
[WhiteElo "1987"]
[BlackElo "2089"]
[PlyCount "37"]
[EventDate "1994.04.04"]
[EventType "swiss"]
[EventRounds "9"]
[EventCountry "GER"]
[SourceTitle "EXT 2015"]
[Source "ChessBase"]
[SourceDate "2014.11.20"]
[SourceVersion "1"]
[SourceVersionDate "2014.11.20"]
[SourceQuality "1"]

1. d4 d5 2. c4 e5 3. dxe5 d4 4. Nf3 Nc6 5. g3 Bg4 6. Bg2 Qd7 7. 0-0 Nge7 8. Qb3 0-0-0 9. Rd1 Ng6 10. Nc3 Bxf3 11. Bxf3 Ngxe5 12. Bg2 h5 13. Bf4 f6 14. Nb5 Kb8 15. Nxd4 Na5 16. Qc2 Qe8 17. c5 g5 18. Bxe5 Qxe5 19. Nb3 1-0

[Event "Unterfranken-ch M1 45th"]
[Site "Oberweissenbrunn"]
[Date "1994.??.??"]
[Round "3"]
[White "Mock, Stefan"]
[Black "Trost, Hans Joachim"]
[Result "0-1"]
[WhiteElo "1987"]
[BlackElo "1954"]
[PlyCount "68"]
[EventDate "1994.04.04"]
[EventType "swiss"]
[EventRounds "9"]
[EventCountry "GER"]
[SourceTitle "EXT 2015"]
[Source "ChessBase"]
[SourceDate "2014.11.20"]
[SourceVersion "1"]
[SourceVersionDate "2014.11.20"]
[SourceQuality "1"]

1. d4 Nf6 2. c4 e5 3. dxe5 Ng4 4. e4 Nxe5 5. Be3 Bb4+ 6. Nd2 b6 7. f4 Nec6 8. Ngf3 0-0 9. Bd3 Bb7 10. 0-0 d6 11. e5 Bxd2 12. Bxd2 h6 13. Bc3 Nd7 14. exd6 cxd6 15. Qd2 Ne7 16. Rad1 d5 17. b4 Rc8 18. f5 f6 19. Qe2 Re8 20. Qe6+ Kh7 21. Qf7 Rf8 22. Qh5 dxc4 23. Bc2 Bxf3 24. Rxf3 Qc7 25. Re3 Nc6 26. Qe2 Nce5 27. Be4 b5 28. Bd5 Nd3 29. Be6 Rcd8 30. Re4 N7e5 31. h3 Qb6+ 32. Kf1 Rd6 33. Bxe5 Nxe5 34. Red4 Rxd4 0-1